[Event "OKU Open A 2013"]
[Site "Maarssen NED"]
[Date "2013.06.01"]
[Round "3.20"]
[White "Groffen,H"]
[Black "Keetman,Maaike"]
[Result "1-0"]
[WhiteElo "2177"]
[BlackElo "1856"]

1.d4 d5 2.c4 c6 3.Nf3 Nf6 4.Nc3 dxc4 5.a4 Bf5 6.e3 e6 7.a5 Bb4 8.Qa4 Qe7
9.Bxc4 Nbd7 10.O-O O-O 11.Qb3 Rab8 12.Nh4 Bg4 13.f3 Bh5 14.g3 c5 15.d5 Bxc3
16.dxe6 fxe6 17.Nf5 Qe8 18.Nd6 Qe7 19.Bxe6+ Kh8 20.Nf5 Qe8 21.bxc3 Ne5 22.g4 Qc6
23.e4 Bxg4 24.fxg4 c4 25.Qc2 Qxe6 26.g5 Nfd7 27.Ba3 Rf7 28.Qg2 Ng6 29.Rad1 Nde5
30.Rd6 Qe8 31.Bc5 Nc6 32.h4 Rd7 33.h5 Nge5 34.h6 g6 35.Ng7 Qd8 36.Rdf6 Ne7
37.Ne6 Qxa5 38.Bxe7 Rg8 39.Rf8 Qb6+ 40.Kh1 Qxe6 41.Bf6+  1-0

[Event "3rd Women Masters"]
[Site "Wuxi CHN"]
[Date "2013.06.01"]
[Round "2.5"]
[White "Tan Zhongyi"]
[Black "Gunina,V"]
[Result "1/2-1/2"]
[WhiteElo "2483"]
[BlackElo "2514"]

1.d4 d5 2.c4 c6 3.Nf3 Nf6 4.Nc3 dxc4 5.a4 Bf5 6.Ne5 Nbd7 7.Nxc4 Nb6 8.Ne5 a5
9.e3 h6 10.Bd3 Bxd3 11.Nxd3 e6 12.O-O Be7 13.Qb3 O-O 14.Rd1 Nbd5 15.Nxd5 Qxd5
16.Qxd5 Nxd5 17.Bd2 Rfd8 18.Rdc1 Nf6 19.Kf1 Nd7 20.Ke2 Rdc8 21.Rc2 c5 22.Rac1 b6
23.e4 Rd8 24.Be3 Rab8 25.f3 cxd4 26.Bxd4 Nc5 27.Bxc5 Bxc5 28.Nxc5 bxc5 29.Rd1 Rd4
30.Rdd2 Rxa4 31.Rxc5 Rab4 32.Rxa5  1/2-1/2

[Event "Icelandic Open Championship 2013"]
[Site "Reykjavik ISL"]
[Date "2013.06.03"]
[Round "5.26"]
[White "Steinthorsson,Felix"]
[Black "Thorhallsson,Simon"]
[Result "1/2-1/2"]
[WhiteElo "1443"]
[BlackElo "1516"]

1.d4 d5 2.c4 c6 3.Nf3 Nf6 4.Nc3 dxc4 5.a4 Bf5 6.e3 e6 7.Bxc4 Bb4 8.Bd2 O-O
9.O-O Nbd7 10.Nh4 Qc7 11.Nxf5 exf5 12.h3 c5 13.Nb5 Qa5 14.Be1 g6 15.dxc5 Nxc5
16.Bxb4 Qxb4 17.Qd4 Kg7 18.Bxf7 Qxd4 19.exd4 Nd3 20.Bc4 Nxb2 21.Be2 Rae8
22.Nc3 Ne4 23.Nxe4 Rxe4 24.Bf3 Rxd4 25.Bxb7 Rb8 26.Bc6 Rb6 27.Bb5 a6 28.Rfb1 Nxa4
29.Be2 Rxb1+ 30.Rxb1 Nc5 31.Ra1 Rd7 32.Ra2 Kf6 33.Bxa6  1/2-1/2

[Event "Grand Europe Open Albena"]
[Site "Albena BUL"]
[Date "2013.06.04"]
[Round "4.37"]
[White "Kohlweyer,B"]
[Black "Baciu,D"]
[Result "1-0"]
[WhiteElo "2469"]
[BlackElo "2249"]

1.d4 d5 2.c4 c6 3.Nf3 Nf6 4.Nc3 dxc4 5.a4 Bf5 6.e3 e6 7.Bxc4 Bb4 8.O-O Nbd7
9.Nh4 Bg4 10.f3 Bh5 11.g4 Nd5 12.Ng2 Bg6 13.Na2 Be7 14.e4 N5b6 15.Bb3 Qc7
16.Nc3 h5 17.g5 e5 18.a5 Nc8 19.dxe5 Nxe5 20.Nh4 Qd8 21.Qxd8+ Bxd8 22.f4 Nd3
23.Nxg6 fxg6 24.Be3 Rf8 25.Bc4 Nb4 26.Rf2 Nd6 27.Bf1 Be7 28.Ra4 Na6 29.h4 Nc7
30.Bh3 Ncb5 31.f5 Nxc3 32.bxc3 Nb5 33.a6 bxa6 34.Rxa6 Nxc3 35.fxg6 Rxf2 36.Bxf2 c5
37.e5 Ne2+ 38.Kh2 Nf4 39.Bf1 Rd8 40.Bb5+ Kf8 41.Rxa7 Nxg6 42.Bg3 Kg8 43.Bd7 Rf8
44.Be6+ Kh7 45.Bd5 Bxg5 46.hxg5 h4 47.Be1 Nxe5 48.Bc3 Re8 49.Be4+ Kh8 50.Kh3 c4
51.g6  1-0

[Event "Grand Europe Open Albena"]
[Site "Albena BUL"]
[Date "2013.06.05"]
[Round "5.32"]
[White "Ozveren,A"]
[Black "Arngrimsson,D"]
[Result "1/2-1/2"]
[WhiteElo "2000"]
[BlackElo "2396"]

1.Nf3 Nf6 2.c4 c6 3.d4 d5 4.Nc3 dxc4 5.a4 Bf5 6.e3 e6 7.Bxc4 Bb4 8.O-O O-O
9.Qe2 Ne4 10.Nxe4 Bxe4 11.Rd1 Nd7 12.Nd2 Bc2 13.Rf1 Bg6 14.Nb3 Nb6 15.Bd3 Bxd3
16.Qxd3 c5 17.Qe2 c4 18.Bd2 Qe7 19.Bxb4 Qxb4 20.Nc5 a5 21.Rfc1 Ra7 22.b3 cxb3
23.Qb2 Rc8 24.Rc3 Nc4 25.Qxb3  1/2-1/2

[Event "3rd Women Masters"]
[Site "Wuxi CHN"]
[Date "2013.06.05"]
[Round "5.2"]
[White "Javakhishvili,L"]
[Black "Gunina,V"]
[Result "1/2-1/2"]
[WhiteElo "2464"]
[BlackElo "2514"]

1.d4 d5 2.c4 c6 3.Nf3 Nf6 4.Nc3 dxc4 5.a4 Bf5 6.Ne5 Nbd7 7.Nxc4 Nb6 8.Ne5 a5
9.g3 e6 10.Bg2 Bb4 11.O-O O-O 12.e3 h6 13.Qe2 Bh7 14.Rd1 Qe7 15.e4 Rfd8 16.Bf4 c5
17.dxc5 Bxc5 18.h4 Rxd1+ 19.Rxd1 Rd8 20.Nd3 Bb4 21.Nb5 Nxa4 22.Bc7 Rd7 23.Ra1 Nxe4
24.Bxe4 Bxe4 25.Qxe4 Nc5 26.Nxc5 Qxc5 27.Qxb7 Kh7 28.Rf1 Qc4 29.Qb8 Qc6 30.Bf4 Rd3
31.Be5 f6 32.Bd4 e5 33.Qb6 Qd5 34.Be3 Rb3 35.Nc7 Qd7 36.Ne6 Qd5 37.Nc7 Qd7
38.Na6 Rxb2 39.Nxb4 axb4 40.Bc5 Qg4 41.Qb7 e4 42.Re1 b3 43.Be3 Qf3 44.Qb4 Rc2
45.Rb1 Re2 46.Qxb3 Kg6 47.Qb6 Kh5 48.Kh2 g5 49.hxg5 hxg5 50.Rg1 Rc2 51.Qe6 Qxe3
52.Kh3 Qxf2 53.Qe8+ Kh6 54.Qf8+ Kg6  1/2-1/2

[Event "Grand Europe Open Albena"]
[Site "Albena BUL"]
[Date "2013.06.06"]
[Round "6.26"]
[White "Sveshnikov,V"]
[Black "Tarasova,Viktoriy"]
[Result "1/2-1/2"]
[WhiteElo "2411"]
[BlackElo "2292"]

1.d4 d5 2.c4 c6 3.Nf3 Nf6 4.Nc3 dxc4 5.a4 Bf5 6.Ne5 Nbd7 7.Nxc4 Qc7 8.g3 e5
9.dxe5 Nxe5 10.Bf4 Nfd7 11.Bg2 f6 12.O-O O-O-O 13.Rc1 Nc5 14.Qe1 a5 15.Nb5 cxb5
16.axb5 b6 17.b4 axb4 18.Qxb4 g5 19.Bxe5 fxe5 20.Qa3 Kd7 21.Qf3 Ke6 22.Ne3 Bg6
23.Nd5 Rxd5 24.Qxd5+ Ke7 25.Ra1 Bg7 26.Ra8 Bf7 27.Qf3 e4 28.Qa3 Rxa8 29.Qxa8 Bg6
30.f3 exf3 31.exf3 Ne6 32.Kh1 Be8  1/2-1/2

[Event "Icelandic Open Championship 2013"]
[Site "Reykjavik ISL"]
[Date "2013.06.06"]
[Round "8.22"]
[White "Holm,Fridgeir K"]
[Black "Steinthorsson,Felix"]
[Result "1/2-1/2"]
[WhiteElo "1689"]
[BlackElo "1443"]

1.Nf3 d5 2.d4 Nf6 3.c4 c6 4.Nc3 dxc4 5.a4 Bf5 6.Bg5 Nbd7 7.e3 Qb6 8.Qd2 e6
9.Bxc4 Be4 10.a5 Qc7 11.Be2 Bb4 12.O-O O-O 13.Ra4 Bxa5 14.Ne5 Bxc3 15.bxc3 Bg6
16.Bf4 Nxe5 17.Bxe5 Qe7 18.f3 Nd7 19.Bg3 a5 20.c4 b6 21.c5 bxc5 22.dxc5 Nxc5
23.Rc4 Nb7 24.Rxc6 Rfd8 25.Qb2 Qb4 26.Qxb4 axb4 27.Rb6 Rd2 28.Bc4 Na5 29.Ra1 Rdd8
30.Rxb4 Nxc4 31.Rxa8 Rxa8 32.Rxc4 h6 33.Be5 Rd8 34.e4 f6 35.Bc3 Rd1+ 36.Kf2 Rc1
37.Rc8+ Kh7 38.h4 Rc2+ 39.Kg3 Rc1 40.Rc7 Kg8 41.Kg4 h5+ 42.Kg3 e5 43.Bxe5 Rxc7
44.Bxc7 Kf7 45.Kf4 Ke6 46.Ke3 Be8 47.Bf4 Bb5 48.Kf2 Bc6 49.Bc1 Bb5 50.f4 Bc6
51.Ke3 g6 52.g3 f5 53.e5 Bb5 54.Kd4 Ba4 55.Kc5 Be8 56.Bb2 Ba4  1/2-1/2

[Event "Grand Europe Open Albena"]
[Site "Albena BUL"]
[Date "2013.06.07"]
[Round "7.44"]
[White "Dambrauskas,V"]
[Black "Ninov,D"]
[Result "1/2-1/2"]
[WhiteElo "2285"]
[BlackElo "2116"]

1.d4 d5 2.c4 c6 3.Nf3 Nf6 4.Nc3 dxc4 5.a4 Bf5 6.e3 e6 7.Bxc4 Bb4 8.O-O Nbd7
9.Qe2 O-O 10.e4 Bg6 11.e5 Nd5 12.Ne4 Be7 13.Bd2 c5 14.dxc5 Nxc5 15.Nxc5 Bxc5
16.Rac1 Rc8 17.Rfd1 Qb6 18.Be1 a5 19.Nh4 Rfd8 20.Nxg6 hxg6 21.Bb5 Nb4 22.Qe4 Rxd1
23.Rxd1 Rd8 24.Rxd8+ Qxd8 25.Qe2 b6 26.Bc3 Nd5 27.g3 Nxc3 28.bxc3 Qg5 29.Kg2 Qc1
30.Qf3 Qg5 31.Be8 Qe7 32.Bc6 Qc7 33.Qe4 Qd8 34.h4 Qd1 35.Qf4 Qd8 36.Qf3 Qc7
37.Qe4 Qd8 38.Bb5 Qd5 39.Qxd5 exd5 40.Bf1 Kf8 41.f4 f6 42.Bd3 fxe5 43.fxe5 Kf7
44.Kf3 Ba3 45.Ke3 Ke6 46.Bxg6 Kxe5 47.Bd3 Bc1+ 48.Kf3  1/2-1/2

[Event "National Open 2013"]
[Site "Las Vegas USA"]
[Date "2013.06.07"]
[Round "2"]
[White "Nita,M"]
[Black "Labedz,P"]
[Result "0-1"]
[WhiteElo "2120"]
[BlackElo "2108"]

1.d4 d5 2.c4 c6 3.Nf3 Nf6 4.Nc3 dxc4 5.a4 Bf5 6.e3 e6 7.Bxc4 Bb4 8.O-O O-O
9.Qb3 Qb6 10.Bd2 Be7 11.Qxb6 axb6 12.Ne5 Rd8 13.Rfd1 Nbd7 14.Nxd7 Rxd7 15.Be1 h6
16.Kf1 Rdd8 17.f3 Nd5 18.Bf2 Nxc3 19.bxc3 Bc2 20.Rd2 Rxa4 21.Rxa4 Bxa4 22.Ra2 Ra8
23.Ke1 Ra5 24.Bg3 Bb5 25.Bb3 Rxa2 26.Bxa2 Bd3 27.Bc7 b5 28.Kd2 Bc4 29.Bb1 b4
30.Ba5 bxc3+ 31.Kxc3 Bf1 32.g3 Kf8 33.Bb6 Ke8 34.f4 Bd8 35.Bc5 Ba5+ 36.Bb4 Bxb4+
37.Kxb4 b6 38.e4 Kd7 39.e5 Bg2 40.Bc2 Ke7 41.Bd1 Be4 42.h4 f6 43.g4 Kf7 44.h5 g6
45.Be2 gxh5 46.gxh5 f5 47.Bd1 Ke7 48.Be2 Kd7 49.Bd1 Bg2  0-1

[Event "3rd Women Masters"]
[Site "Wuxi CHN"]
[Date "2013.06.07"]
[Round "7.3"]
[White "Guo Qi"]
[Black "Gunina,V"]
[Result "1/2-1/2"]
[WhiteElo "2439"]
[BlackElo "2514"]

1.d4 d5 2.c4 c6 3.Nf3 Nf6 4.Nc3 dxc4 5.a4 Bf5 6.Ne5 Nbd7 7.Nxc4 Nb6 8.Ne5 a5
9.e3 e6 10.f3 h6 11.e4 Bh7 12.Be3 Bb4 13.Qb3 O-O 14.Be2 Qe7 15.Nd3 Nfd7 16.O-O Bd6
17.Rac1 Kh8 18.Kh1 Rab8 19.f4 Bb4 20.Bf3 Nf6 21.Nf2 Nfd7 22.Na2 Bd6 23.Nc3 Bb4
24.Na2 Bd6 25.Nc3 Bb4 26.Na2  1/2-1/2

[Event "Grand Europe Open Albena"]
[Site "Albena BUL"]
[Date "2013.06.08"]
[Round "8.6"]
[White "Ashwin,J"]
[Black "Solak,D"]
[Result "1/2-1/2"]
[WhiteElo "2472"]
[BlackElo "2598"]

1.d4 d5 2.c4 c6 3.Nf3 Nf6 4.Nc3 dxc4 5.a4 Bf5 6.Ne5 Nbd7 7.Nxc4 Nb6 8.Ne5 a5
9.e3 Nbd7 10.Qb3 Nxe5 11.dxe5 Nd7 12.e4 Be6 13.Qxb7 Nxe5 14.Bf4 Rb8 15.Qa6 Ra8
16.Qb7 Rb8 17.Qa6 Ra8 18.Qb7 Rb8 19.Qa6  1/2-1/2

[Event "3rd Ortega Rating"]
[Site "Ortega COL"]
[Date "2013.06.10"]
[Round "8.7"]
[White "Garavito,M"]
[Black "Torres,Ju2"]
[Result "1-0"]
[WhiteElo "2254"]
[BlackElo "2342"]

1.d4 d5 2.Nf3 Nf6 3.c4 c6 4.Nc3 dxc4 5.a4 Bf5 6.e3 e6 7.Bxc4 Bb4 8.O-O Nbd7
9.Nh4 O-O 10.Nxf5 exf5 11.h3 g6 12.Qb3 Qb6 13.Bd2 Rac8 14.Rfd1 c5 15.Be1 f4
16.a5 Bxa5 17.Qa4 Bb4 18.Bb5 Bxc3 19.Bxc3 cxd4 20.exd4 Nb8 21.d5 a6 22.Be2 g5
23.d6 Nfd7 24.Bg4 Rc6 25.h4 Qc5 26.Qe4 Rxd6 27.Rxd6 Qxd6 28.Rd1 Nc5 29.Qf5 Qe6
30.Qxg5+ Qg6 31.Qe5 f6 32.Qd5+ Kg7 33.Bh5  1-0

[Event "2nd Grand Europe Open 2013"]
[Site "Golden Sands BUL"]
[Date "2013.06.13"]
[Round "4.50"]
[White "Rombaldoni,Ax"]
[Black "Pettersson,Anders1"]
[Result "1/2-1/2"]
[WhiteElo "2484"]
[BlackElo "2279"]

1.d4 d5 2.c4 c6 3.Nf3 Nf6 4.Nc3 dxc4 5.a4 Bf5 6.e3 e6 7.Ne5 Bb4 8.Nxc4 O-O
9.Qb3 Qe7 10.f3 c5 11.dxc5 Nc6 12.Be2 Rfd8 13.O-O Bd3 14.Bxd3 Rxd3 15.Ne5 Nxe5
16.Qxb4 Rc8 17.e4 Qxc5+ 18.Qxc5 Rxc5 19.Kf2 Rc8 20.Ke2 Rd7 21.Rb1 Nc6 22.Be3 Nd4+
23.Kf2 Nb3 24.Rfd1 a6 25.g4 Rcd8 26.Rxd7 Rxd7 27.g5 Ne8 28.h4 f6 29.gxf6 gxf6
30.Rg1+ Kf7 31.h5 Nd6 32.Bh6 Nc4 33.Rg7+ Ke8 34.Rg8+ Ke7 35.e5 f5 36.Rh8 Nxe5
37.Rxh7+ Kf6 38.Rh8 Nd4 39.Rg8 Rf7 40.Rd8 Ndxf3 41.Bf4 Ng5 42.Ke2 Nh3 43.Nd5+ exd5
44.Rd6+ Ke7 45.Bxe5 f4 46.h6 f3+ 47.Kf1 Ng5 48.Rb6 Kf8 49.Rd6 Ne4 50.Rxd5 Kg8
51.Rd4 Nc5 52.b4 Nxa4 53.Rd6 Kh7 54.Kf2 a5 55.bxa5 Nc5 56.Kf1 Rf5 57.Bd4 Ne4
58.Re6 Ng5 59.Rb6 Rxa5 60.Rxb7+ Kxh6 61.Be3 Kh5  1/2-1/2

[Event "1st Golden Apricot 2013"]
[Site "Malatya TUR"]
[Date "2013.06.14"]
[Round "7"]
[White "Morchiashvili,B"]
[Black "Yeke,S"]
[Result "0-1"]
[WhiteElo "2393"]
[BlackElo "2255"]

1.d4 d5 2.Nf3 Nf6 3.c4 c6 4.Nc3 dxc4 5.a4 Bf5 6.Ne5 Nbd7 7.Nxc4 Nb6 8.Ne5 a5
9.e3 g6 10.Bd3 Bxd3 11.Nxd3 Bg7 12.O-O O-O 13.Bd2 Nbd5 14.Nxd5 Qxd5 15.Rb1 Nd7
16.Bc3 c5 17.Nf4 Qe4 18.d5 Nb6 19.Qb3 Bxc3 20.Qxb6 Bf6 21.b3 Qb4 22.Qxb4 cxb4
23.Rfc1 Rfc8 24.Kf1 Be5 25.Ne2 f5 26.Rxc8+ Rxc8 27.Rc1 Rd8 28.f4 Bf6 29.Rc5 b6
30.Rb5 Rb8 31.h3 h5 32.g4 hxg4 33.hxg4 fxg4 34.e4 Rc8 35.e5 Bg7 36.Rxb6 g5
37.d6 exd6 38.exd6 gxf4 39.Nxf4 Rf8 40.Kg2 Rxf4 41.d7 Rf8 42.Rd6 Rd8 43.Rd5 Kf7
44.Kg3 Ke6 45.Rxa5 Rxd7 46.Kxg4 Rd4+ 47.Kf3 Rd5 48.Ra6+ Kf5 49.Ra7 Bf6 50.Ke2 Ke4
51.a5 Rh5 52.a6 Rh2+ 53.Kf1 Kf3 54.Ke1 Ke3 55.Kf1 Ra2 56.Ra8 Bd4 57.Rb8 Bc3
58.Ra8 Kd3 59.a7 Kc2 60.Ke2 Kxb3+ 61.Kd3 Rd2+ 62.Ke4 Rd7 63.Kf5 Bd4  0-1

[Event "17th Voronezh Master Open"]
[Site "Voronezh RUS"]
[Date "2013.06.14"]
[Round "3.6"]
[White "Lutsko,I"]
[Black "Kharchenko,B"]
[Result "0-1"]
[WhiteElo "2366"]
[BlackElo "2495"]

1.d4 d5 2.c4 c6 3.Nc3 Nf6 4.Nf3 dxc4 5.a4 Bf5 6.e3 e6 7.Bxc4 Bb4 8.O-O Nbd7
9.Qe2 Bg6 10.Ne5 Nxe5 11.dxe5 Nd7 12.f4 Nb6 13.Na2 Bc5 14.b4 Nxc4 15.Qxc4 Bb6
16.Qc3 a6 17.Bb2 Qd5 18.Nc1 Qe4 19.Ra3 Rd8 20.b5 cxb5 21.axb5 a5 22.Qe1 O-O
23.Kh1 Bc5 24.Ra2 Bh5 25.Bd4 Bxd4 26.exd4 Qxe1 27.Rxe1 b6 28.Nb3 Bg6 29.Rc1 Rd5
30.Nd2 Rxb5 31.Rc7 h6 32.Rd7 Ra8 33.Kg1 a4 34.Nc4 Rb4 35.Ne3  0-1

[Event "8th Teplice Open 2013"]
[Site "Teplice CZE"]
[Date "2013.06.16"]
[Round "2.69"]
[White "Hellinger,Jan"]
[Black "Konvalinka,Vladislav"]
[Result "0-1"]
[WhiteElo "1630"]
[BlackElo "1901"]

1.d4 d5 2.c4 c6 3.Nf3 Nf6 4.Nc3 dxc4 5.a4 Bf5 6.Bg5 Nd5 7.a5 Qc7 8.Qa4 e6
9.Qxc4 Bb4 10.Nd2 Bxa5 11.e4 Nxc3 12.bxc3 Bg6 13.Be2 O-O 14.h4 h6 15.Be3 Bb6
16.f4 Nd7 17.Nf3 Kh8 18.e5 Rae8 19.h5 Bh7 20.Bd3 f5 21.Bc2 Qd8  0-1

[Event "8th Teplice Open 2013"]
[Site "Teplice CZE"]
[Date "2013.06.16"]
[Round "2.20"]
[White "Plat,V"]
[Black "Kozak,Mi"]
[Result "1-0"]
[WhiteElo "2445"]
[BlackElo "2166"]

1.d4 d5 2.Nf3 Nf6 3.c4 c6 4.Nc3 dxc4 5.a4 Bf5 6.e3 e6 7.Bxc4 Bb4 8.O-O O-O
9.Qe2 Nbd7 10.e4 Bg6 11.e5 Nd5 12.Ne4 c5 13.Bg5 Qa5 14.Bb5 Bxe4 15.Qxe4 N7b6
16.Bd3 g6 17.Qh4 Rfc8 18.dxc5 Qxc5 19.a5 Nd7 20.Rfc1 Qf8 21.Bb5 Nc5 22.Rc4 Nb3
23.Ra4 Be7 24.a6 bxa6 25.Bc6 Bxg5 26.Nxg5 h6 27.Ne4 Nb6 28.Nf6+ Kg7 29.Qxh6+ Kxh6
30.Rh4+ Kg5 31.f4+ Kxh4 32.g3+  1-0

[Event "Caissa IM June 2013"]
[Site "Kecskemet HUN"]
[Date "2013.06.19"]
[Round "6.1"]
[White "Li Bo"]
[Black "Hajnal,Z"]
[Result "1-0"]
[WhiteElo "2307"]
[BlackElo "2359"]

1.d4 d5 2.c4 c6 3.Nf3 Nf6 4.Nc3 dxc4 5.a4 Bf5 6.e3 e6 7.Bxc4 Bb4 8.O-O O-O
9.Qe2 Nbd7 10.e4 Bg6 11.e5 Nd5 12.Bd2 Qa5 13.Rfc1 N5b6 14.Bb3 Rfe8 15.Be3 Nd5
16.Nxd5 cxd5 17.Nh4 Rac8 18.Nxg6 hxg6 19.g3 a6 20.h4 Nb8 21.Kg2 Nc6 22.h5 gxh5
23.Qxh5 Bd2 24.Rh1 Kf8 25.Bg5 Bxg5 26.Qxg5 Kg8 27.Bc2 Qd8 28.Qh5 Kf8 29.Rac1 Ke7
30.Qg5+ Kd7 31.Qxg7 Nxd4 32.Qxf7+ Re7 33.Qg6 Qc7 34.Bd3 Qxc1 35.Rxc1 Rxc1
36.f4 Nc6 37.Qf6 Rd1 38.Bg6 Rd2+ 39.Kh3 Rxb2 40.f5 Re2 41.Bf7 Rxe5 42.fxe6+ Kd6
43.g4 Re3+ 44.Kg2 Ne5 45.g5 Rf3 46.Qh6 d4 47.g6 Rc7 48.Qf8+ Kc6 49.e7 Kb6
50.Qd8  1-0

[Event "17th Voronezh Master Open"]
[Site "Voronezh RUS"]
[Date "2013.06.21"]
[Round "9.8"]
[White "Rychagov,A"]
[Black "Kharitonov,Alexandr"]
[Result "1/2-1/2"]
[WhiteElo "2561"]
[BlackElo "2546"]

1.d4 d5 2.c4 c6 3.Nf3 Nf6 4.Nc3 dxc4 5.a4 Bf5 6.Nh4 Bc8 7.Nf3 Bf5 8.Nh4 Bc8
9.Nf3 Bf5 10.Nh4 Ng8 11.Nb1  1/2-1/2

[Event "Malaysian Masters Women 2013"]
[Site "Kuala Lumpur MAS"]
[Date "2013.06.22"]
[Round "1.3"]
[White "Nur,Nab"]
[Black "Camilia,Bt. Johari"]
[Result "0-1"]
[WhiteElo "1926"]
[BlackElo "1791"]

1.d4 d5 2.c4 c6 3.Nc3 Nf6 4.Nf3 dxc4 5.a4 Bf5 6.e3 e6 7.Bxc4 Bb4 8.O-O O-O
9.h3 Nbd7 10.Nh4 Bg6 11.Nxg6 hxg6 12.Qc2 e5 13.Qxg6 Nb6 14.Qd3 exd4 15.exd4 Nxc4
16.Qxc4 Qd6 17.Be3 Rfd8 18.Rad1 Ba5 19.Bg5 Bc7 20.g3 Bb6 21.Ne2 Rd7 22.Be3 Nd5
23.Bd2 Re8 24.Kh2 Qe6 25.Nc1 Ne3 26.Qxe6 Nxf1+ 27.Rxf1 Rxe6 28.Bc3 Bxd4 29.Bxd4 Rxd4
30.Nb3 Rd5 31.Kg2 Re2 32.Rc1 Rxb2 33.Nc5 b6 34.Ne4 c5 35.g4 Rd4 36.Re1 f6
37.g5 f5 38.Ng3 Rf4 39.Nh1 Re4 40.Rd1 Rd4 41.Re1 Kf7 42.Kg3 Rbb4 43.f3 Rxa4
44.Nf2 c4 45.h4 c3 46.h5 Rh4 47.Nd3 Rxh5 48.f4 Re4 49.Rd1 c2 50.Ra1 Re3+
51.Kf2 Rxd3 52.Rxa7+ Kg6 53.Rc7 Rh2+ 54.Kg1 Rd1+  0-1

[Event "HSG Open A 2013"]
[Site "Hilversum NED"]
[Date "2013.06.23"]
[Round "5.4"]
[White "Miedema,D"]
[Black "Wunnink,M"]
[Result "1-0"]
[WhiteElo "2381"]
[BlackElo "2236"]

1.d4 d5 2.c4 c6 3.Nf3 Nf6 4.Nc3 dxc4 5.a4 Bf5 6.Nh4 e6 7.Nxf5 exf5 8.e3 Bb4
9.Bxc4 O-O 10.O-O Nbd7 11.Na2 Bd6 12.Qf3 g6 13.b4 Nb6 14.Bb3 a5 15.bxa5 Rxa5
16.Bd2 Ra8 17.Nc3 Bb4 18.Rfd1 Qe7 19.h3 Ra5 20.Rdb1 Rfa8 21.Qd1 R5a6 22.Bxf7+ Qxf7
23.Rxb4 Nc4 24.Rab1 R6a7 25.Bc1 Ne8 26.d5 cxd5 27.Nxd5 Rd8 28.Rxc4 Rxd5 29.Rd4 Nf6
30.Bb2 Raa5 31.Rxd5 Rxd5 32.Bd4 Ne4 33.Qc2 Qd7 34.Rb4  1-0

[Event "Malaysian Masters Women 2013"]
[Site "Kuala Lumpur MAS"]
[Date "2013.06.23"]
[Round "3.4"]
[White "Azman Hisham,Nur Najiha"]
[Black "Camilia,Bt. Johari"]
[Result "1/2-1/2"]
[WhiteElo "1935"]
[BlackElo "1791"]

1.d4 d5 2.c4 c6 3.Nc3 Nf6 4.Nf3 dxc4 5.a4 Bf5 6.Ne5 e6 7.f3 c5 8.e4 Bg6 9.Be3 Nbd7
10.Nxd7 Nxd7 11.Bxc4 Be7 12.dxc5 Bxc5 13.Bxc5 Nxc5 14.b4 Nd7 15.Bb5 a6 16.Qxd7+ Qxd7
17.Bxd7+ Kxd7 18.O-O-O+ Ke7 19.Kb2 Rhd8 20.a5 f6 21.Na4 Be8 22.Nc5 Bc6 23.Rhe1 e5
24.Kc3 Rac8 25.h4 h6 26.g3 h5 27.f4 g6 28.Kb3 Rxd1 29.Rxd1 Rd8 30.Rxd8 Kxd8
31.fxe5 fxe5 32.Nd3 Bxe4 33.Nxe5 Kc7 34.Kc4 Kd6 35.Kd4 Bf5 36.Nc4+ Kc6 37.Ne3 Bb1
38.Nd5 Kd6 39.Nc3 Bf5 40.Na4 Kc6 41.Nc5 Bc2 42.Kc4 Bf5 43.Kd4 Bc8 44.Ne4 Bf5
45.Nc3 Kd6 46.b5 axb5 47.Nxb5+ Kc6 48.Na7+ Kd6 49.Kc4 Bd7 50.Kb4 Kd5 51.Nb5 Kc6
52.Nc3 Bf5 53.Ne2 Be4 54.Kc4 Bd5+ 55.Kd4 Ba2 56.Nc3 Be6 57.Ne4 Bf5 58.Nc5 Bg4
59.Kc4 Be2+ 60.Kb4 Bf1 61.Ne6 Bd3 62.Nd8+ Kc7 63.Nf7 Bf5 64.Kc5 Be4 65.Ng5 Bf5
66.Nf3 Be4 67.Nd4 Bd3 68.Ne6+ Kb8 69.Kd6 Ka7 70.Nc5 Be2 71.Ke5 Bg4 72.Kf6 Bf5
73.Kg5 Bb1 74.g4 hxg4 75.Kxg4 b6 76.axb6+ Kxb6 77.Nb3 Kc7 78.Kg5 Kd7 79.Kf6 Kd6
80.Kg7 Ke7 81.Nd4 Ke8 82.Nc6 Bc2  1/2-1/2

[Event "V4 Liptov IM 2013"]
[Site "Liptovsky Mikulas SVK"]
[Date "2013.06.25"]
[Round "7.4"]
[White "Mikrut,D"]
[Black "Matras Clement,A"]
[Result "1/2-1/2"]
[WhiteElo "2358"]
[BlackElo "2270"]

1.d4 d5 2.c4 c6 3.Nf3 Nf6 4.Nc3 dxc4 5.a4 Bf5 6.Ne5 Na6 7.e3 Nb4 8.Bxc4 e6
9.O-O Bd6 10.Qe2 Nc2 11.Rb1 Nd5 12.Bxd5 exd5 13.g4 Bg6 14.f4 Nb4 15.f5 f6
16.fxg6 fxe5 17.e4 Qb6 18.Bg5 Qxd4+ 19.Kh1 hxg6 20.exd5 e4 21.Qxe4+ Qxe4+
22.Nxe4 Bxh2 23.Kg2 Be5 24.Rbe1 Nd3 25.Re3 Rh2+ 26.Kg1 Rxb2 27.Rxd3 Rb4 28.d6 Rd4
29.Rfd1 c5 30.d7+ Kxd7 31.Nxc5+ Kc6 32.Rxd4 Bxd4+ 33.Rxd4 Kxc5 34.Be3 Kc6
35.Rc4+ Kd5 36.Rc7 Ke4 37.Kf2 Rh8 38.Re7+ Kd3 39.Bxa7 Rh2+ 40.Kg3 Ra2 41.Rxb7 Rxa4
42.Rxg7 Ra6 43.Kf4 Ke2 44.Re7+ Kf1 45.Bd4 Kg2 46.Kg5 Ra4 47.Bf6 Kf3 48.Kxg6 Kxg4
49.Rh7 Re4 50.Rh8 Kf3 51.Bg5 Re5 52.Rb8 Kg4 53.Rb4+ Kf3 54.Kh5 Rd5 55.Kh4 Rd7
56.Rf4+ Ke2 57.Rf6 Kd3 58.Kg4 Ke4 59.Re6+ Kd5 60.Kf5 Rf7+ 61.Bf6 Rh7 62.Re1 Rh5+
63.Bg5 Rh3 64.Rd1+ Kc4 65.Ke4 Rg3 66.Bf4 Rc3 67.Rd2 Kc5 68.Rd8 Rc4+ 69.Ke5 Kb4
70.Be3 Rh4 71.Kd5 Rh5+ 72.Kd4 Rh4+ 73.Kd3 Kb5 74.Rd6 Rh3 75.Rb6+ Ka5 76.Rb1 Ka6
77.Ke4 Rh5 78.Rb6+ Ka5 79.Rb8 Rb5 80.Ra8+ Kb4 81.Kd4 Rb7 82.Kd3 Rd7+ 83.Bd4 Kb5
84.Rb8+ Kc6 85.Kc4 Rh7 86.Ra8 Rh5 87.Ra6+ Kd7 88.Bf6 Rf5 89.Kd4 Rb5 90.Be5 Rb1
91.Kc5 Ke7 92.Kd5 Rb5+ 93.Ke4 Rb1 94.Kf5 Rf1+ 95.Bf4 Kd7 96.Rd6+ Ke7 97.Rd2 Rf3
98.Ke5 Rf1 99.Rc2 Re1+ 100.Kf5  1/2-1/2

[Event "TCh-MNE Prem 2013"]
[Site "Cetinje MNE"]
[Date "2013.06.27"]
[Round "4.2"]
[White "Indjic,A"]
[Black "Jakovljevic,Vlado"]
[Result "1/2-1/2"]
[WhiteElo "2536"]
[BlackElo "2440"]

1.d4 d5 2.c4 c6 3.Nf3 Nf6 4.Nc3 dxc4 5.a4 Bf5 6.Ne5 e6 7.f3 c5 8.e4 Bg6 9.Be3 cxd4
10.Qxd4 Qxd4 11.Bxd4 Nfd7 12.Nxd7 Nxd7 13.Bxc4 a6 14.h4 h6 15.Ke2 Rc8 16.Ba2 Bc5
17.Rad1 Bxd4 18.Rxd4 Ke7 19.h5 Bh7 20.Rhd1 Rhd8 21.Rb4 Rc7 22.Ke3 Nb8 23.Bd5 Rdd7
24.Rd2 exd5 25.Nxd5+ Kd8 26.Nxc7 Kxc7 27.Rxd7+ Nxd7 28.Rc4+ Kd8 29.g4 f6
30.Kd4 Ne5 31.Rc3 Nc6+ 32.Ke3 Bg8 33.f4 Be6 34.g5 hxg5 35.fxg5 fxg5 36.Rc5 Ke7
37.Rxg5 Kf7 38.Rc5 Bb3 39.a5 Kg8 40.Kf4 Kh7 41.Kg5 Kg8 42.Kg6 Bf7+ 43.Kg5 Be8
44.b4 Nd8 45.Rc8 Ne6+ 46.Kf5 Kf7 47.Ke5 Bd7 48.Rh8 Bc6 49.h6 gxh6 50.Rxh6 Ng5
51.Rxc6 bxc6 52.Kd6 Nxe4+ 53.Kxc6 Nc3 54.Kb7 Ke6 55.Kxa6 Nd5 56.b5 Nc7+ 57.Kb6 Nxb5
58.Kxb5 Kd7 59.Kb6 Kc8 60.a6 Kb8  1/2-1/2

[Event "TCh-MNE Prem 2013"]
[Site "Cetinje MNE"]
[Date "2013.06.27"]
[Round "4.1"]
[White "Georgiev,Ki"]
[Black "Bogosavljevic,B"]
[Result "1/2-1/2"]
[WhiteElo "2636"]
[BlackElo "2548"]

1.d4 d5 2.c4 c6 3.Nf3 Nf6 4.Nc3 dxc4 5.a4 Bf5 6.Ne5 e6 7.f3 c5 8.e4 Bg6 9.Be3 cxd4
10.Qxd4 Qxd4 11.Bxd4 Nfd7 12.Nxd7 Nxd7 13.Bxc4 a6 14.h4 Rc8 15.Ba2 h5 16.Rd1 Rg8
17.Kf2 Bc5 18.Ne2 Ke7 19.Nf4 Ne5 20.Bb3 Rgd8 21.Bxc5+ Rxc5 22.Rxd8 Kxd8 23.Rd1+ Ke7
24.Ke3 Rc6 25.Kd4 Rd6+ 26.Kc3 Rc6+ 27.Kd2 Rd6+ 28.Kc2 Rc6+ 29.Kb1 Rb6 30.Ka2 Rc6
31.Rd4 a5 32.Kb1 b6 33.Rd2 f6 34.Rc2 Bf7 35.Kc1 g5 36.Rxc6 Nxc6 37.hxg5 fxg5
38.Nd3 Kd6 39.Kd2 Ne5 40.Nf2 Be8 41.Nh3 g4 42.Ng5 gxf3 43.gxf3 Bd7 44.f4 Ng6
45.Ke3 Ke7 46.e5 Nh4 47.Kf2 Nf5 48.Bc4 Nd4 49.Ke3 Nf5+ 50.Kf2 Nd4 51.Ke3 Nf5+
52.Kf2 Nd4  1/2-1/2

[Event "Visma GM 2013"]
[Site "Vaxjo SWE"]
[Date "2013.06.29"]
[Round "6.4"]
[White "Semcesen,D"]
[Black "Hector,J"]
[Result "1/2-1/2"]
[WhiteElo "2431"]
[BlackElo "2524"]

1.d4 d5 2.Nf3 Nf6 3.c4 c6 4.Nc3 dxc4 5.a4 Bf5 6.e3 e6 7.Bxc4 Bb4 8.O-O Nbd7
9.Nh4 Qe7 10.h3 O-O 11.a5 Bg6 12.Nxg6 hxg6 13.Qb3 b5 14.axb6 Nxb6 15.Ba6 Rab8
16.Bd2 c5 17.dxc5 Bxc5 18.Qc2 Nbd5 19.Nxd5 Nxd5 20.Rfc1 Bd6 21.b3 Nb4 22.Bxb4 Bxb4
23.Rd1 Rfd8 24.Rxd8+ Rxd8 25.Rd1 Rxd1+ 26.Qxd1 Qd6 27.Qxd6 Bxd6 28.Kf1 Kf8
29.Ke2 Bb4 30.Kd3 Be1 31.Ke2  1/2-1/2

[Event "4th AIMAG Women"]
[Site "Incheon KOR"]
[Date "2013.07.03"]
[Round "6.9"]
[White "Shamima,A"]
[Black "Sultana,S"]
[Result "1/2-1/2"]
[WhiteElo "2157"]
[BlackElo "1949"]

1.d4 d5 2.c4 c6 3.Nf3 Nf6 4.Nc3 dxc4 5.a4 Bf5 6.e3 e6 7.Bxc4 Bb4 8.O-O O-O
9.Qe2 Bg6 10.Ne5 Nbd7 11.Nxg6 hxg6 12.Rd1 Qe7 13.a5  1/2-1/2

[Event "41st TCh-GRE"]
[Site "Rio (Achaia) GRE"]
[Date "2013.07.03"]
[Round "3.4"]
[White "Skembris,S"]
[Black "Zenelis,K"]
[Result "1-0"]
[WhiteElo "2458"]
[BlackElo "2160"]

1.d4 d5 2.c4 c6 3.Nf3 Nf6 4.Nc3 dxc4 5.a4 Bf5 6.e3 e6 7.Bxc4 Bb4 8.O-O O-O
9.Qe2 Bg6 10.Ne5 Nbd7 11.Nxg6 hxg6 12.Rd1 Qe7 13.e4 e5 14.Na2 Ba5 15.d5 Rfd8
16.Bg5 Bb6 17.Nc1 a5 18.Nd3 Rac8 19.dxc6 bxc6 20.Rac1 Nc5 21.Nxc5 Bxc5 22.g3 Rxd1+
23.Rxd1 Bd4 24.Kg2 Rb8 25.b3 Qc5 26.Qf3 Qe7 27.h4 Rd8 28.h5 gxh5 29.Rh1 Bc5
30.Rxh5 Rd6 31.Rh4 Qd7 32.Qc3 Rd4 33.Qxa5 Qa7 34.Qe1 Kf8 35.Qe2 Rd6 36.Rh8+ Ke7
37.Qh5 g6 38.Qh7  1-0